Media and communication research methods: an introduction to qualitative and quantitative approaches. (Record no. 159695)

MARC details
000 -LEADER
fixed length control field 00689nam a2200217Ia 4500
003 - CONTROL NUMBER IDENTIFIER
control field OSt
005 - DATE AND TIME OF LATEST TRANSACTION
control field 20230413105729.0
008 - FIXED-LENGTH DATA ELEMENTS--GENERAL INFORMATION
fixed length control field 210423s2010 xx 000 0 und d
020 ## - INTERNATIONAL STANDARD BOOK NUMBER
International Standard Book Number 9781412987776
040 ## - CATALOGING SOURCE
Transcribing agency AL
041 ## - LANGUAGE CODE
Language code of text/sound track or separate title eng
082 ## - DEWEY DECIMAL CLASSIFICATION NUMBER
Classification number 302.23072 BERA
100 ## - MAIN ENTRY--PERSONAL NAME
Personal name BERGER (Arthur Asa).
9 (RLIN) 87739
245 ## - TITLE STATEMENT
Title Media and communication research methods: an introduction to qualitative and quantitative approaches.
250 ## - EDITION STATEMENT
Edition statement 2
260 ## - PUBLICATION, DISTRIBUTION, ETC.
Place of publication, distribution, etc. Los Angeles
Name of publisher, distributor, etc. Sage Publications
Date of publication, distribution, etc. 2010
300 ## - PHYSICAL DESCRIPTION
Extent xvi,339
Other physical details PB
365 ## - TRADE PRICE
Price amount 2930
Currency code INR
906 ## - LOCAL DATA ELEMENT F, LDF (RLIN)
a an ; approaches. ; communication ; introduction ; Media ; methods: ; qualitative ; quantitative ; research
942 ## - ADDED ENTRY ELEMENTS (KOHA)
Source of classification or shelving scheme Dewey Decimal Classification
Koha item type Book
Holdings
Withdrawn status Lost status Damaged status Not for loan Collection code Home library Current library Date acquired Source of acquisition Cost, normal purchase price Total Checkouts Full call number Barcode Date last seen Price effective from Koha item type
        MAJMC St Aloysius PG Library St Aloysius PG Library 08/03/2011 Athulya Books 2930.00   302.23072 BERA PG006173 08/24/2022 04/26/2021 Book